000 00178nam a22000857a 4500
001 1258131
005 20260227113159.0
245 _aMAHŞER
_cSTEPHEN KING
260 _bALTIN KİTAPLAR
999 _c1258131
_d1258131